Nuestra prisión en un reino / (Record no. 44044)
[ view plain ]
| 000 -LEADER | |
|---|---|
| campo de control de longitud fija | 00652nam a2200217 i 4500 |
| 001 - NÚMERO DE CONTROL | |
| campo de control | 44044 |
| 003 - IDENTIFICADOR DE NÚMERO DE CONTROL | |
| campo de control | ES-MaACL |
| 005 - FECHA Y HORA DE LA ÚLTIMA TRANSACCIÓN | |
| campo de control | 20250529131007.0 |
| 007 - CAMPO FIJO DE DESCRIPCIÓN FÍSICA--INFORMACIÓN GENERAL | |
| campo de control de longitud fija | t| |
| 008 - DATOS DE LONGITUD FIJA--INFORMACIÓN GENERAL | |
| campo de control de longitud fija | 030320s1958 sp ||||1| spa d |
| 100 1# - ENTRADA PRINCIPAL--NOMBRE DE PERSONA | |
| Nombre de persona | Cesbron, Gilbert. |
| 9 (RLIN) | 37680 |
| 245 10 - MENCIÓN DEL TÍTULO | |
| Título | Nuestra prisión en un reino / |
| Mención de responsabilidad, etc. | Gilbert Cesbron ; [versión española de Mariano Tudela]. |
| 250 ## - MENCION DE EDICION | |
| Mención de edición | [1ª ed.]. |
| 260 ## - PUBLICACIÓN, DISTRIBUCIÓN, ETC. | |
| Lugar de publicación, distribución, etc. | Barcelona : |
| Nombre del editor, distribuidor, etc. | Luis de Caralt, |
| Fecha de publicación, distribución, etc. | [1958] ( |
| Fabricante | Salvadó) |
| 300 ## - DESCRIPCIÓN FÍSICA | |
| Extensión | 283 p. ; |
| Dimensiones | 20 cm. |
| 490 1# - MENCIÓN DE SERIE | |
| Mención de serie | Gigante |
| 700 1# - ENTRADA AGREGADA--NOMBRE PERSONAL | |
| Nombre de persona | Tudela, Mariano, |
| Fechas asociadas al nombre | 1925-2001 |
| 9 (RLIN) | 111632 |
| 830 0# - PUNTO DE ACCESO ADICIONAL DE SERIE-TÍTULO UNIFORME | |
| Título uniforme | Gigante |
| 9 (RLIN) | 181050 |
| 852 ## - LOCALIZACIÓN | |
| Ubicación | ES-MaACL |
| Número de control de estantería | C-14874 |
| Sublocalización o colección | R.42878 |
| Estatus retirado | Estado de pérdida | Estado de daño | No para préstamo | Biblioteca de origen | Biblioteca actual | Ubicación en estantería | Fecha de adquisición | Fuente de adquisición | Total de préstamos | Signatura topográfica completa | Código de barras | Visto por última vez | Precio de reemplazo | Tipo de ítem Koha |
|---|---|---|---|---|---|---|---|---|---|---|---|---|---|---|
| Biblioteca del Ateneo de Madrid | Biblioteca del Ateneo de Madrid | Ficheros | 17/01/2008 | C-14874 | 1046357 | 23/02/2023 | 23/02/2023 | Libro impreso |
